Bilecik Bilecik Bilecik Bilecik Bilecik

Tercüman : (Record no. 55995)

MARC details
000 -BAŞLIK
Sabit Uzunluktaki Kontrol Alanı 01134nam a22002777a 4500
001 - KONTROL NUMARASI
Control Dosyası 0056187
003 - KONTROL NUMARASI KİMLİĞİ
Kontrol Alanı KOHA_MİRAKIL
005 - EN SON İŞLEM TARİHİ ve ZAMANI
Kontrol Alanı 20260207004041.0
007 - FİZİKSEL TANIM SABİT ALAN - GENEL BİLGİ
Sabit uzunluklu kontrol alanı ta
008 - SABİT UZUNLUKTAKİ VERİ ÖGELERİ - GENEL BİLGİ
Sabit Alan 160307b2015 tu a|||gr||||#||||1|tur |
020 ## - ISBN - ULUSLARARASI STANDART KİTAP NUMARASI
Isbn 9786054892198
040 ## - KATALOGLAMA KAYNAĞI
Özgün Kataloglama Kurumu TR-BiSEU
Kataloglama Dili tur
Çeviri Kurumu TR-BiSEU
Açıklama Kuralları rda
041 0# - DİL KODU
Metin ya da ses kaydının dil kodu tur
-- ota
044 ## - YAYINLAYAN/ÜRETEN KURULUŞUN ÜLKE KODU
ISO country code tu
050 ## - SINIFLAMA ve YER NUMARASI
Sınıflama Numarası PN4898
Yer Numarası .T47 2015
245 0# - ESER ADI BİLDİRİMİ
Başlık Tercüman :
Alt Eseradı vb. vefatının 100.yılında Gaspıralı İsmail Bey'e vefa/
Sorumluluk Bildirimi Editör Mehmet Yalçın Yılmaz ; hazırlayanlar Mehmet Yalçın Yılmaz, Emek Üşenmez, Emek Topsakal, Salih Şahin, Abdullah Çakmak, Ahmet emre Polat, Hasan Fatih Yılmaz, İlhan Demirtaş, Mecit Yıldız, Mustafa Mert, Übeydullah Kısacık, Yunus Yiğit ; Rusça çeviri Saidbek Boltabayev.
264 #1 - ÜRERİM, YAYIN, DAĞITIM ve TELİF BİLDİRİMİ
Yayın yeri Eskişehir :
Yayınlayan T.C. Eskişehir Valiliği
Yayın tarihi 2015
300 ## - FİZİKSEL TANIMLAMA
Sayfa, Cilt vb. c. :
Diğer fiziki detaylar resimli ;
Boyutları 40 cm
336 ## - İÇERİK TÜRÜ
Content type term metin
Content type code txt
Source rdacontent
337 ## - MEDYA TÜRÜ
Media type term aracısız
Media type code n
Source rdamedia
338 ## - TAŞIYICI TÜRÜ
Carrier type term cilt
Carrier type code nc
Source rdacarrier
650 #0 - KONU BAŞLIĞI EK GİRİŞ - KONU TERİMİ
Konusal terim veya coğrafi ad Tercüman-ı Ahval.
9 (RLIN) 104082
650 #0 - KONU BAŞLIĞI EK GİRİŞ - KONU TERİMİ
Konusal terim veya coğrafi ad Gazeteciler--Türkiye.
9 (RLIN) 28805
650 #0 - KONU BAŞLIĞI EK GİRİŞ - KONU TERİMİ
Konusal terim veya coğrafi ad Gazeteler--Türkiye--Tarih--19. yüzyıl.
9 (RLIN) 104083
942 ## - EK GİRİŞ ÖGELERİ (KOHA)
Source of classification or shelving scheme Library of Congress Classification
Koha item type Book
Holdings
Materyal Türü Kalıcı Konum Mevcut Konum Raf Yeri Koleksiyon Kodu Sınıflandırma Kaynağı Edinim Bilgisi Ana Konular Alt Konular Yer Numarası Cilt Bilgisi Demirbaş Numarası Fatura Tarihi Geri Çekilme Durumu Kayıp Durumu Hasarlı Durumu Kredi için değil Kayıt Tarih Toplam Ödünçverme Son Görülme Tarihi Son Kontrol Tarihi Genel / Bağış Notu
Book Prof. Dr. Azmi Özcan Kütüphanesi Prof. Dr. Azmi Özcan Kütüphanesi Birûni Salonu Prestij Library of Congress Classification Bağış DİL VE EDEBİYAT Edebiyat (Genel) PN4898 .T47 2015 c.2 0056187 02/02/2026       Ödünç verilmez 07/03/2016   14/11/2025 14/11/2025 Nabi Avcı, Akademisyen